Особенности дистанционной релейной защиты линий для изучения технической эффективности; Современные техника и технологии; Т. 1

التفاصيل البيبلوغرافية
Parent link:Современные техника и технологии: сборник трудов XVI Международной научно-практической конференции студентов, аспирантов и молодых ученых, Томск, 12-16 апреля 2010 г/ Национальный исследовательский Томский политехнический университет (ТПУ).— , 2010
Т. 1.— 2010.— [С. 140-141]
المؤلف الرئيسي: Чан М.
مؤلفون آخرون: Шмойлов А. В. Анатолий Васильевич
الملخص:Заглавие с титульного листа
Электронная версия печатной публикации
اللغة:الروسية
منشور في: 2010
الموضوعات:
الوصول للمادة أونلاين:http://www.lib.tpu.ru/fulltext/v/Conferences/2010/K04/104071.pdf
التنسيق: الكتروني فصل الكتاب
KOHA link:https://koha.lib.tpu.ru/cgi-bin/koha/opac-detail.pl?biblionumber=226766

MARC

LEADER 00000nla2a2200000 4500
001 226766
005 20231031201234.0
035 |a (RuTPU)RU\TPU\book\247154 
035 |a RU\TPU\book\247149 
090 |a 226766 
100 |a 20121127d2010 k y0rusy50 ca 
101 0 |a rus 
102 |a RU 
105 |a y z 101zy 
135 |a drnn ---uucaa 
181 0 |a i  
182 0 |a b 
200 1 |a Особенности дистанционной релейной защиты линий для изучения технической эффективности  |b Электронный ресурс  |f М. Чан, А. В. Шмойлов 
203 |a Текст  |c электронный 
215 |a 1 файл (170 Кб) 
230 |a Электронные текстовые данные (1 файл : 170 Кб) 
300 |a Заглавие с титульного листа 
300 |a Электронная версия печатной публикации 
337 |a Adobe Reader 
461 0 |0 (RuTPU)RU\TPU\book\245271  |t Современные техника и технологии  |o сборник трудов XVI Международной научно-практической конференции студентов, аспирантов и молодых ученых, Томск, 12-16 апреля 2010 г  |o в 3 т.  |f Национальный исследовательский Томский политехнический университет (ТПУ)  |d 2010 
463 0 |0 (RuTPU)RU\TPU\book\245275  |t Т. 1  |v [С. 140-141]  |d 2010  |p [511 с.] 
610 1 |a релейная защита 
610 1 |a дистанционная защита 
610 1 |a линии 
610 1 |a техническая эффективность 
610 1 |a электронный ресурс 
610 1 |a труды учёных ТПУ 
700 1 |a Чан  |b М. 
701 1 |a Шмойлов  |b А. В.  |c специалист в области электроэнергетики  |c доцент Томского политехнического университета, кандидат технических наук  |f 1939-  |g Анатолий Васильевич  |2 stltpush  |3 (RuTPU)RU\TPU\pers\26025 
801 1 |a RU  |b 63413507  |c 20121116 
801 2 |a RU  |b 63413507  |c 20130422  |g RCR 
856 4 |u http://www.lib.tpu.ru/fulltext/v/Conferences/2010/K04/104071.pdf 
942 |c CF